Quick Pick: 'H' Beverages Quiz Stats

 Plays Quiz Updated Nov 28, 2018

Support Sporcle.
Go Orange.
Score 0/12 Timer 01:00
3 Plays Today
% Correct
Heineken
96.9%
Hawaiian Punch
96.9%
Hennessy
92.6%
Highball
86.6%
Harvey Wallbanger
86.6%
Hurricane
80.2%
Hornsby's
67%
Hiram Walker
65.2%
Harp
63.2%
Horchata
59.9%
Honey Deuce
55.7%
Hires
40.6%

Today's Daily Dose

From the Vault

Element Symbol First Letters Blitz

by El_Dandy

Science 60s
118 answers in 60 seconds? Sounds easy!
Remove Ads.
Support Sporcle.
Get the best of Sporcle when you Go Orange. This ad-free experience offers more features, more stats, and more fun while also helping to support Sporcle. Thank you for becoming a member.

Show Comments

Extras

Top Quizzes Today


Score Distribution

Your Account Isn't Verified!

In order to create a playlist on Sporcle, you need to verify the email address you used during registration. Go to your Sporcle Settings to finish the process.

Report this User

Report this user for behavior that violates our Community Guidelines.

Details: